|
|
|
|
| LEADER |
00000naa0a2200000 4500 |
| 001 |
602434 |
| 005 |
20250228161821.0 |
| 035 |
|
|
|a (RuTPU)RU\TPU\tpu\28251
|
| 035 |
|
|
|a RU\TPU\tpu\28250
|
| 090 |
|
|
|a 602434
|
| 100 |
|
|
|a 20160310d2014 k y0rusy50 ca
|
| 101 |
0 |
|
|a eng
|
| 200 |
1 |
|
|a Passivation of Metal Nanopowders
|f A. A. Gromov [et al.]
|
| 330 |
|
|
|a Results of investigation and chemical analysis of electro-exploded metal nanopowders passivated and/or coated with the non-inert reagents and air (for a comparison) are discussed. Surface protection of aluminum nanopowders by coatings of different origin results in significant advantages in the energetic properties of the powders. Aluminum nanopowders with a protecting surface show increased stability to oxidation in nitrogen, air and in water during storage period. On the basis of experimental results, diagram of the formation and stabilization of the coatings on particles has been proposed. Kinetics of interaction of aluminum nanopowders with nitrogen, air and water has been discussed. Recommendations concerning efficiency of non-inert reagent passivation are proposed on a basis of comprehensive analysis of the experimental data.
|
| 333 |
|
|
|a В фонде НТБ ТПУ отсутствует
|
| 463 |
|
|
|t Metal Nanopowders: Production, Characterization, and Energetic Applications
|v P. 133-152
|d 2014
|
| 610 |
1 |
|
|a труды учёных ТПУ
|
| 701 |
|
1 |
|a Gromov
|b A. A.
|c Chemical Engineer
|c Professor of Tomsk Polytechnic University, Doctor of technical sciences
|f 1975-
|g Aleksandr Aleksandrovich
|3 (RuTPU)RU\TPU\pers\33059
|
| 701 |
|
1 |
|a Ilyin
|b A. P.
|c chemist
|c Professor of Tomsk Polytechnic University, Doctor of physical and mathematical sciences
|f 1949-
|g Aleksandr Petrovich
|3 (RuTPU)RU\TPU\pers\33060
|
| 701 |
|
1 |
|a Teipel
|b U.
|
| 701 |
|
1 |
|a Pautova
|b Yu. I.
|c Chemical Engineer
|c Assistant of Tomsk Polytechnic University, Candidate of technical sciences
|f 1983-
|g Yuliya Igorevna
|3 (RuTPU)RU\TPU\pers\34318
|
| 801 |
|
1 |
|a RU
|b 63413507
|c 20160310
|
| 801 |
|
2 |
|a RU
|b 63413507
|c 20160310
|g RCR
|
| 942 |
|
|
|c BK
|